000 00641nam a2200217Ii 4500
001 11456
003 CO-ViMGA
008 241108s9999||||xx |||||||||||||| ||und||
020 _a958939339X
040 _aCO-ViMGA
_bspa
_erda
_cCO-ViMGA
041 0 _aunk
082 0 4 _a759.9861 B687c
100 1 _aEnrique Pulecio Mariño
_954364
245 1 0 _aColombia panorámica
264 1 _a[Lugar de publicación no identificado] : Villegas Editores, 1997
300 _avolumen
336 _atext
_btxt
_2rdacontent
337 _aunmediated
_bn
_2rdamedia
338 _avolume
_bnc
_2rdacarrier
940 _aidficha_siabuc: 11182. -- ficha_no_siabuc:11456
999 _c51315
_d51315